000
00264nam a2200097Ia 4500
001
995012
005
20250826221438.0
008
250824s9999 xx 000 0 und d
245
0
_a
AKILLANDIM ARTIK ŞİMDİ DAHA DELİYİM
_c
NİLGÜN BODUR
260
_b
DESTEK YAYINLARI
999
_c
995012
_d
995012